000 00945nam a2200265Ia 4500
003 OSt
005 20220923215435.0
006 a|||||r|||| 00| 0
007 ta
008 220922b |||||||| |||| 00| 0 hin d
024 _a178,743
037 _cTextual
040 _aARTS
_cARTS
_bhin
041 _2hin
_ahin
082 _aO152,1M89:g, K6
100 _aशर्मा, विनय मोहन
245 0 _aकवि प्रसाद 'आँसू' तथा अन्य क्रियाएं
246 _aKavi prasād 'āँsū' tathā anya kriyāean
250 _aसंस्क0 4
260 _aवाराणसी
_b विश्वविद्यालय प्रकाशन
_c1966
300 _a204 पृ. -
_ccm.
650 _aहिन्दी साहित्य
_9156264
942 _hO152,1M89:g, K6
_cTEXL
_2CC
999 _c332124
_d332124